Visualizzazione normale
Vista MARC
- Testoni Giancarlo
di Personal Name
Records bibliografici associati: 1
001 - CONTROL NUMBER
- control field: 3334
003 - CONTROL NUMBER IDENTIFIER
- control field: IT-RoPau
005 - DATE AND TIME OF LATEST TRANSACTION
- control field: 20131124154056.0
008 - FIXED-LENGTH DATA ELEMENTS
- fixed length control field: 131124|| aca||aabn | a|a d
040 ## - CATALOGING SOURCE
- Original cataloging agency: IT-RoPau
- Transcribing agency: IT-RoPau
100 ## - HEADING--PERSONAL NAME
- Personal name: Testoni Giancarlo
- Dates associated with a name: Codice autore musica SPICS: 13524
- Relator term: Autore musica
- Name of part/section of a work: La storia di tutti - Passano gli anni - Mi piace d'esser triste - Io t'ho scritto tante volte
670 ## - SOURCE DATA FOUND
- Source citation: Work cat.: (IT-RoPau)100047: AA.VV. 794, Nostalgia (dopo la guerra)